La stratégie de l'UE dans la lutte contre le terrorisme

Elmentve itt :
Bibliográfiai részletek
Szerző: Renaudineau Guillaume
Testületi szerző: La lutte contre le terrorisme et la protection des droits de l'homme (2018) (Szeged)
Dokumentumtípus: Könyv része
Megjelent: 2019
Sorozat:Cahiers du centre universitaire Francophone 11
La lutte contre le terrorisme et la protection des droits de l’homme 11
Kulcsszavak:Biztonságpolitika, Terrorizmus - 21. sz.
Tárgyszavak:
Online Access:http://acta.bibl.u-szeged.hu/63714
LEADER 00968naa a2200241 i 4500
001 acta63714
005 20211206164348.0
008 200123s2019 hu o 0|| fre d
020 |a 978-963-306-657-7 
022 |a 2498-5120 
040 |a SZTE Egyetemi Kiadványok Repozitórium  |b hun 
041 |a fre 
100 1 |a Renaudineau Guillaume 
245 1 3 |a La stratégie de l'UE dans la lutte contre le terrorisme  |h [elektronikus dokumentum] /  |c  Renaudineau Guillaume 
260 |c 2019 
300 |a 17-39 
490 0 |a Cahiers du centre universitaire Francophone  |v 11 
490 0 |a La lutte contre le terrorisme et la protection des droits de l’homme  |v 11 
650 4 |a Társadalomtudományok 
650 4 |a Politikatudomány 
695 |a Biztonságpolitika, Terrorizmus - 21. sz. 
710 |a La lutte contre le terrorisme et la protection des droits de l'homme (2018) (Szeged) 
856 4 0 |u http://acta.bibl.u-szeged.hu/63714/1/011_francophone_017-039.pdf  |z Dokumentum-elérés